Paroles - Naheulbeuk - Le laridé du poulet - Statistiques

Statistiques générales
  • Ce quiz a été pris 5 fois
  • Le résultat moyen est 45 sur 53
Statistiques - réponses
Paroles % Correct
À mort il peut vous {picorer}
100%
À mort il peut vous {picorer}
100%
À mort il peut vous {picorer}
100%
À mort il peut vous {picorer}
100%
C’est le laridé du {poulet}
100%
C’est le laridé du {poulet}
100%
C’est le laridé du {poulet}
100%
C’est le laridé du {poulet}
100%
Dansez, dansez, si vous l’{pouvez}
100%
Dansez, dansez, si vous l’{pouvez}
100%
Dansez, dansez, si vous l’{pouvez}
100%
Dansez, dansez, si vous l’{pouvez}
100%
De ce gentil {gallinacé}
100%
Il servira pour le {dîner}
100%
Il vous regarde à l'{oeil} mauvais
100%
Jamais {assez} ne vous méfiez
100%
Ma foi vous ne le saurez {jamais}
100%
Mais il {vaudrait} mieux s'en méfier
100%
Mais il {vaudrait} mieux s'en méfier
100%
Mais il {vaudrait} mieux s'en méfier
100%
Mais il {vaudrait} mieux s'en méfier
100%
Mais {valant} beaucoup moins d’XP
100%
Ou dans la {ferme} fortifiée
100%
Ses {plumes} sont toutes ébouriffées
100%
Un monstre {sournois} et rusé
100%
Vous n'êtes qu'un {ver} à dévorer
100%
Bien plus {dangereux} qu’un dragonnet
75%
Car il est le mal {incarné}
75%
C'est le poulet que vous {affrontez}
75%
C’est lui l’engeance des {poulaillers}
75%
Changeur de {forme} ou coq mité
75%
Dans la cour du {donjon} hanté
75%
Du plaisir de vous {massacrer}
75%
Ergots {pointus}, bec acéré
75%
Il ne pense qu’à vous {étriper}
75%
Il vous {réveille} au jour levé
75%
Mais peu de gens {pourront} parler
75%
Ou torture {lente} et raffinée
75%
Pour ceux qui lui ont {résisté}
75%
Que vous {semblez} le déclarer
75%
Si le {lapin} vous fait trembler
75%
Si l'mulot vous fait {frissonner}
75%
Si vous essayez de {pioncer}
75%
Si vous pouvez le {terrasser}
75%
Six pieds sous terre vous {reposez}
75%
Tout ça, c'est la faute du {poulet}
75%
Vous n’êtes pas si {aventurier}
75%
Y'a plus {moyen} de reculer
75%
Mais le fumble est {arrivé}
50%
{Picoré} à mort dans le fumier
50%
Quand vous {rêvez} de le plumer
50%
Trépas {bref} et instantané
50%
Votre vie ne tient qu'à un {dé}
50%
Aucun quiz correspondant
Distribution des résultats
% des personnes avec chaque résultat
Percentile par nombre de réponses
Votre historique - résultats
Vous n’avez pas pris ce quiz